000 00658nmm a2200193Ia 4500
008 251105s9999||||xx |||||||||||||||||und||
020 _a9789681673253
041 _aspa
100 _aVinson, Ben
245 0 _aAfroméxico :
_b El pulso de la población negra en México: una historia recordada, olvidada y vuelta a recordar
264 _a[México D.C., Mexico] :
_bFondo de Cultura Económica,
_c2004
300 _a135 páginas
490 _aHistoria. Serie Herramientas para la Historia
650 _aCultural Studies
700 _aVinson, Ben
700 1 _a Vaughn, Bobby
856 _uhttps://public.digitaliapublishing.com/a/64030
942 _cCF
999 _c72455
_d72455